F1 Famous Quotes #2 - Statistics

General Stats
  • This quiz has been taken 111 times
  • The average score is 8 of 16
Answer Stats
Quote Answer % Correct
Gloves and steering wheel. Give it to me. Hey! HEY! Kimi Raikkonen
85%
That’s for all the kids who dream the impossible Lewis Hamilton
85%
I can't! It's bwoken! It's bwoken! Lando Norris
83%
GP2 engine, GP2... ARGH! Fernando Alonso
80%
There's something loose between my legs... Sebastian Vettel
80%
To whom it might concern.... F**k you! Valtteri Bottas
79%
S*ck my balls, mate Kevin Magnussen
71%
Once again, the most unsporting driver on the grid Nico Hulkenberg
52%
I want this win, Tom. Carlos Sainz
48%
Ok, I'm gonna pee in your seat Jenson Button
31%
You know, last year, for two points, I would have *u**ed the whole paddock Gunther Steiner
26%
It's called a motor race. We went car racing. Michael Masi
24%
In Formula 1... if you finish in 1st position... ...you will win the race Will Buxton
21%
Oh dear! Hahahaha Juan Pablo Montoya
8%
Anyone who doesn't speak English isn't worth speaking to Bernie Ecclestone
1%
Throttle, Green, Green, Amber. Change. Brake, turn the wheel, point it at a corner, accelerate. Simple. It’s like an arcade game. The challenge is doing it faster than everybody else without losing control. That is an entirely different level. Adrian Newey
0%
No matching quizzes found
Score Distribution
Percent of People with Each Score
Percentile by Number Answered
Your Score History
You have not taken this quiz